[Event "Toronto op U1900"]
[Site "Toronto CAN"]
[Date "2001.04.14"]
[Round "4"]
[White "Shah, Omar"]
[Black "Marks, Richard"]
[Result "1-0"]
[WhiteElo "1815"]
[BlackElo "1895"]
[PlyCount "97"]
[GameId "2160767911564994"]
[EventDate "2001.04.13"]
[EventType "swiss"]
[EventRounds "6"]
[EventCountry "CAN"]

1. e4 d6 2. d4 Nf6 3. Nc3 g6 4. Be3 Bg7 5. f3 c6 6. Qd2 h5 7. O-O-O Qc7 8. Kb1 b5 9. e5 Nfd7 10. e6 fxe6 11. Bd3 Nf8 12. Nh3 e5 13. dxe5 dxe5 14. Ng5 Bf5 15. Bxb5 Nbd7 16. Bc4 Bf6 17. Bf7+ Kd8 18. Bb3 Bxg5 19. Bxg5 Nh7 20. Bh4 Nhf6 21. Rhe1 Kc8 22. Bc4 a5 23. Qe2 e6 24. Bg3 Nd5 25. Nxd5 cxd5 26. Bd3 Qc5 27. Bxe5 Re8 28. Bg3 a4 29. Ba6+ Kd8 30. Bh4+ Kc7 31. Bd3 a3 32. Bg3+ e5 33. Bxf5 gxf5 34. Rd3 d4 35. Qd2 Nb6 36. Rxd4 Kc6 37. Rd3 Nc4 38. Qh6+ Kb5 39. Rb3+ Ka5 40. Rd1 axb2 41. Be1+ Ka4 42. Rb4+ Qxb4 43. Bxb4 Kxb4 44. Qc6 Rab8 45. Rd3 Rec8 46. Rb3+ Ka5 47. Qd5+ Ka4 48. Qd7+ Ka5 49. Rxb8 1-0

[Event "Toronto op U1900"]
[Site "Toronto CAN"]
[Date "2001.04.15"]
[Round "5"]
[White "Srinivasan, Gajana"]
[Black "Henderson, Fred"]
[Result "1-0"]
[WhiteElo "1769"]
[BlackElo "1804"]
[PlyCount "20"]
[GameId "2160767911564995"]
[EventDate "2001.04.13"]
[EventType "swiss"]
[EventRounds "6"]
[EventCountry "CAN"]

1. e4 Nc6 2. Nf3 e5 3. Bc4 Nf6 4. Ng5 d5 5. Bxd5 Nxd5 6. d3 h6 7. Nf3 Bd6 8. h3 O-O 9. exd5 e4 10. Nfd2 Bf5 1-0

[Event "Toronto op U2100"]
[Site "Toronto CAN"]
[Date "2001.04.14"]
[Round "4"]
[White "Pleau, Derek"]
[Black "Janes, Miroslav"]
[Result "1-0"]
[WhiteElo "1942"]
[BlackElo "1932"]
[PlyCount "79"]
[GameId "2160767911564996"]
[EventDate "2001.04.13"]
[EventType "swiss"]
[EventRounds "6"]
[EventCountry "CAN"]

1. e4 e5 2. Nf3 Nc6 3. Bb5 Nge7 4. c3 g6 5. O-O Bg7 6. d4 exd4 7. cxd4 d6 8. Nc3 O-O 9. Be3 a6 10. Bc4 b5 11. Bb3 Na5 12. a3 Nxb3 13. Qxb3 Be6 14. d5 Bg4 15. Nd4 h6 16. Rac1 g5 17. f3 Bd7 18. Nce2 Ng6 19. Qc2 Rc8 20. Ng3 Ne5 21. Ndf5 Nc4 22. Bd4 Bxd4+ 23. Nxd4 Ne3 24. Qc3 Nxf1 25. Ndf5 f6 26. Nxh6+ Kh7 27. Ngf5 Nxh2 28. Kxh2 Kg6 29. Ng4 c5 30. Qd2 Bxf5 31. exf5+ Kg7 32. Kg3 Re8 33. f4 Re4 34. fxg5 Rxg4+ 35. Kxg4 Qh8 36. Re1 Re8 37. Re6 Rxe6 38. dxe6 Qa8 39. gxf6+ Kh7 40. Qe2 1-0

[Event "Toronto op U2100"]
[Site "Toronto CAN"]
[Date "2001.04.14"]
[Round "6"]
[White "Laughlin, Steve"]
[Black "Bojovic, Gavrilo"]
[Result "0-1"]
[WhiteElo "2040"]
[BlackElo "2023"]
[PlyCount "60"]
[GameId "2160767911564997"]
[EventDate "2001.04.13"]
[EventType "swiss"]
[EventRounds "6"]
[EventCountry "CAN"]

1. e4 e6 2. d4 d5 3. Nc3 Nf6 4. Bg5 Bb4 5. e5 h6 6. Bd2 Bxc3 7. bxc3 Ne4 8. Bd3 Nxd2 9. Qxd2 c5 10. Nf3 Nc6 11. O-O Qa5 12. Rfd1 O-O 13. Qe3 Kh8 14. Bf1 Bd7 15. h3 Rac8 16. Nh2 Ne7 17. g4 cxd4 18. cxd4 Rxc2 19. Bd3 Rc3 20. Qd2 Ra3 21. Qf4 Kg8 22. Kg2 Ng6 23. Bxg6 fxg6 24. Qd2 Qd8 25. Qb4 Ra6 26. Qxb7 Rb6 27. Qxa7 Rb2 28. Nf3 Rxf3 29. Rab1 Rbxf2+ 30. Kg1 Qh4 0-1

[Event "Trumpeter Classic"]
[Site "Edmonton CAN"]
[Date "2001.01.19"]
[Round "1"]
[White "Ottosen, David"]
[Black "Johnson, Dean"]
[Result "1-0"]
[WhiteElo "2130"]
[BlackElo "1557"]
[PlyCount "31"]
[GameId "2160767911610508"]
[EventDate "2001.01.19"]
[EventType "swiss"]
[EventRounds "5"]
[EventCountry "CAN"]

1. e4 e6 2. d4 d5 3. Nc3 Bb4 4. e5 c5 5. a3 cxd4 6. axb4 dxc3 7. bxc3 a6 8. Nf3 Ne7 9. Bd3 Bd7 10. Be3 O-O 11. Bxh7+ Kxh7 12. Ng5+ Kg6 13. Qg4 f5 14. exf6 e5 15. Ne6+ Kxf6 16. Bg5+ 1-0

[Event "Trumpeter Classic"]
[Site "Edmonton CAN"]
[Date "2001.01.20"]
[Round "2"]
[White "Lefkowitz, Phil"]
[Black "Ottosen, David"]
[Result "0-1"]
[WhiteElo "1700"]
[BlackElo "2130"]
[PlyCount "58"]
[GameId "2160767911610509"]
[EventDate "2001.01.19"]
[EventType "swiss"]
[EventRounds "5"]
[EventCountry "CAN"]

1. d4 Nf6 2. c4 g6 3. Nc3 d5 4. cxd5 Nxd5 5. Nf3 Bg7 6. Bd2 O-O 7. Rc1 Nxc3 8. Bxc3 Be6 9. b3 f5 10. e3 Nd7 11. Be2 Nf6 12. Ng5 Bd5 13. Bf3 h6 14. Bxd5+ Qxd5 15. Nf3 Ne4 16. O-O c5 17. Ba1 Rfd8 18. dxc5 Bxa1 19. Rxa1 Qxc5 20. Qc1 Rac8 21. Nd4 Qa5 22. Qb2 e5 23. b4 Qd5 24. Nf3 Rc3 25. Rac1 Rxc1 26. Qxc1 Kf7 27. Qc7+ Kf6 28. Nxe5 Rd6 29. Nf3 Rc6 0-1

[Event "Trumpeter Classic"]
[Site "Edmonton CAN"]
[Date "2001.01.20"]
[Round "3"]
[White "Ottosen, David"]
[Black "Wong, Ford"]
[Result "1-0"]
[WhiteElo "2130"]
[BlackElo "1950"]
[PlyCount "47"]
[GameId "2160767911610510"]
[EventDate "2001.01.19"]
[EventType "swiss"]
[EventRounds "5"]
[EventCountry "CAN"]

1. d4 Nf6 2. Bg5 Ne4 3. h4 c6 4. e3 Nxg5 5. hxg5 Qa5+ 6. Nc3 Qxg5 7. Nf3 Qa5 8. Bc4 d5 9. Bd3 g6 10. Ne5 Nd7 11. Qd2 Nxe5 12. dxe5 Bf5 13. Bxf5 gxf5 14. e6 fxe6 15. Qd4 Rg8 16. Rxh7 Qc7 17. O-O-O e5 18. Nxd5 cxd5 19. Qxd5 Rg7 20. Rxg7 Qxc2+ 21. Kxc2 Rc8+ 22. Kb1 Rc1+ 23. Kxc1 Bxg7 24. Qg8+ 1-0

[Event "Trumpeter Classic"]
[Site "Edmonton CAN"]
[Date "2001.01.21"]
[Round "4"]
[White "Gardner, Robert"]
[Black "Ottosen, David"]
[Result "1-0"]
[WhiteElo "2300"]
[BlackElo "2130"]
[PlyCount "59"]
[GameId "2160767911610511"]
[EventDate "2001.01.19"]
[EventType "swiss"]
[EventRounds "5"]
[EventCountry "CAN"]

1. e4 e6 2. d4 d5 3. e5 c5 4. c3 Nc6 5. Nf3 Nge7 6. Bd3 Nf5 7. g4 Nh4 8. Nxh4 Qxh4 9. Be3 cxd4 10. cxd4 Bb4+ 11. Nc3 O-O 12. g5 Ba5 13. a3 Bb6 14. Rg1 Nxe5 15. dxe5 Bxe3 16. Qf3 Bxg5 17. Rg4 Qh6 18. Qg3 Bd2+ 19. Ke2 Bxc3 20. bxc3 f5 21. exf6 Qxf6 22. Rg1 Rf7 23. Bxh7+ Kxh7 24. Rg6 Qe7 25. Qh3+ Kg8 26. Rh6 Rf5 27. Rh8+ Kf7 28. Qh7 Qf6 29. Qg8+ Ke7 30. Qd8+ 1-0

[Event "Trumpeter Classic"]
[Site "Edmonton CAN"]
[Date "2001.01.21"]
[Round "5"]
[White "Ottosen, David"]
[Black "Regimbald, Adrien"]
[Result "1-0"]
[WhiteElo "2130"]
[BlackElo "1700"]
[PlyCount "101"]
[GameId "2160767911610512"]
[EventDate "2001.01.19"]
[EventType "swiss"]
[EventRounds "5"]
[EventCountry "CAN"]

1. d4 Nf6 2. Bg5 c5 3. e3 Qa5+ 4. Nd2 cxd4 5. Bxf6 dxe3 6. Bc3 exd2+ 7. Qxd2 Qc7 8. Nf3 b6 9. O-O-O Ba6 10. Ng5 e6 11. Bxa6 Nxa6 12. Qd3 Nc5 13. Qf3 d5 14. Rhe1 Rd8 15. Rxd5 Rxd5 16. Qxd5 Be7 17. Qa8+ Qd8 18. Qc6+ Qd7 19. Qxd7+ Nxd7 20. Ne4 f6 21. Rd1 Nc5 22. Ng3 Na6 23. Nh5 Rg8 24. Nf4 Nc7 25. Rd3 e5 26. Nd5 Nxd5 27. Rxd5 Bc5 28. f3 Ke7 29. Kd2 Rc8 30. a4 Rc6 31. b4 Be3+ 32. Kd3 Bg1 33. b5 Rc8 34. Bb4+ Ke8 35. h3 Rc7 36. c4 Rd7 37. Bd6 Kf7 38. Bb8 Rb7 39. Bd6 Rd7 40. Bb4 Rc7 41. Ba3 a6 42. c5 bxc5 43. Kc4 axb5+ 44. axb5 Ra7 45. Bxc5 Ra1 46. b6 Rc1+ 47. Kb5 Rb1+ 48. Kc6 Bh2 49. b7 e4 50. fxe4 Rc1 51. e5 1-0

[Event "Two Weekends Before Christmas"]
[Site "Edmonton CAN"]
[Date "2001.12.15"]
[Round "1"]
[White "Bertrand, Daryl"]
[Black "Dewindt, Cor"]
[Result "1-0"]
[WhiteElo "1885"]
[BlackElo "1473"]
[PlyCount "71"]
[GameId "2160767911484782"]
[EventDate "2001.12.15"]
[EventType "swiss"]
[EventRounds "5"]
[EventCountry "CAN"]
[SourceTitle "EXT 2017"]
[Source "ChessBase"]
[SourceDate "2016.10.25"]
[SourceVersion "1"]
[SourceVersionDate "2016.10.25"]
[SourceQuality "1"]

1. e4 d5 2. exd5 Qxd5 3. Nc3 Qd8 4. d4 Nf6 5. Bc4 e6 6. Nf3 c6 7. O-O Be7 8. Ne5 Nbd7 9. Qe2 Nb6 10. Rd1 Nbd5 11. Bb3 O-O 12. Bg5 Qc7 13. Bh4 Ne8 14. Bg3 Qd8 15. Ne4 f6 16. c4 Ndc7 17. Nf3 f5 18. Nc3 f4 19. d5 fxg3 20. dxc6 gxh2+ 21. Kh1 Bd6 22. c5 Qe7 23. cxd6 Nxd6 24. Nd4 Rf6 25. Nd5 Nxd5 26. Bxd5 bxc6 27. Nxc6 Qf8 28. Ne7+ Qxe7 29. Bxa8 Bb7 30. Rxd6 Bxa8 31. Rad1 Bxg2+ 32. Kxh2 Bf3 33. Rd8+ Kf7 34. Qb5 Qc7+ 35. R1d6 Qc1 36. Qe8# 1-0

[Event "Two Weekends Before Christmas"]
[Site "Edmonton CAN"]
[Date "2001.12.15"]
[Round "1"]
[White "Brodmann, David"]
[Black "Aggarwal, Anil"]
[Result "1-0"]
[WhiteElo "1735"]
[BlackElo "949"]
[PlyCount "59"]
[GameId "2160767911484783"]
[EventDate "2001.12.15"]
[EventType "swiss"]
[EventRounds "5"]
[EventCountry "CAN"]

1. e4 e5 2. Nf3 f6 3. Bc4 Nc6 4. d4 d6 5. O-O Bg4 6. dxe5 Nxe5 7. Bxg8 Bxf3 8. Qd5 c6 9. Qe6+ Qe7 10. gxf3 Qxe6 11. Bxe6 Nxf3+ 12. Kg2 Ng5 13. Bxg5 fxg5 14. Nc3 h5 15. f4 g4 16. h3 Rh6 17. f5 gxh3+ 18. Kxh3 g5 19. f6 g4+ 20. Kh4 Rd8 21. Kg5 Rh7 22. Rh1 Bh6+ 23. Kg6 Rh8 24. Rxh5 b5 25. Rah1 Rf8 26. Rxh6 g3 27. Rh7 Rb8 28. Rh8 g2 29. Rxf8+ Kxf8 30. Rh8# 1-0

[Event "Two Weekends Before Christmas"]
[Site "Edmonton CAN"]
[Date "2001.12.15"]
[Round "1"]
[White "Day, Jonathan"]
[Black "Deimert, David"]
[Result "0-1"]
[WhiteElo "1806"]
[BlackElo "1349"]
[PlyCount "114"]
[GameId "2160767911484784"]
[EventDate "2001.12.15"]
[EventType "swiss"]
[EventRounds "5"]
[EventCountry "CAN"]
[SourceTitle "EXT 2017"]
[Source "ChessBase"]
[SourceDate "2016.10.25"]
[SourceVersion "1"]
[SourceVersionDate "2016.10.25"]
[SourceQuality "1"]

1. d4 Nf6 2. c4 e6 3. g3 Nc6 4. a3 d5 5. e3 e5 6. c5 exd4 7. exd4 Bg4 8. f3 Bf5 9. Bb5 Qd7 10. h4 Be7 11. h5 Qe6+ 12. Kf2 h6 13. Bf4 Qd7 14. Qa4 Rb8 15. b4 Ra8 16. Nc3 O-O 17. Rd1 a6 18. Be2 Rfe8 19. g4 Bh7 20. Qb3 Rad8 21. Nh3 Kh8 22. Bd6 Bf8 23. Rhe1 Nxh5 24. gxh5 Qxh3 25. Rh1 Qe6 26. Bf4 Rd7 27. Rhe1 Red8 28. Bxa6 Qf6 29. Bxb7 Nxd4 30. Rxd4 Qxd4+ 31. Kg3 Qd3 32. Qb2 d4 33. Ne4 Qb5 34. c6 Re7 35. Qb3 f5 36. a4 Qd5 37. Qxd5 Rxd5 38. a5 fxe4 39. a6 Rd8 40. a7 Ree8 41. fxe4 Bxe4 42. Ra1 d3 43. a8=Q Rxa8 44. Bxa8 Bxb4 45. Bxc7 Rc8 46. Bf4 Bxc6 47. Rc1 Rxa8 48. Rxc6 Rd8 49. Rc1 d2 50. Rd1 Kh7 51. Kf3 g6 52. hxg6+ Kxg6 53. Be3 Rd3 54. Ke2 Rd6 55. Rg1+ Kh7 56. Bf4 Re6+ 57. Be3 Bc5 0-1

[Event "Two Weekends Before Christmas"]
[Site "Edmonton CAN"]
[Date "2001.12.15"]
[Round "1"]
[White "Deimert, Elroy"]
[Black "Huber, Gregory"]
[Result "0-1"]
[WhiteElo "1722"]
[BlackElo "2336"]
[PlyCount "60"]
[GameId "2160767911484785"]
[EventDate "2001.12.15"]
[EventType "swiss"]
[EventRounds "5"]
[EventCountry "CAN"]
[SourceTitle "EXT 2017"]
[Source "ChessBase"]
[SourceDate "2016.10.25"]
[SourceVersion "1"]
[SourceVersionDate "2016.10.25"]
[SourceQuality "1"]

1. d4 Nf6 2. c4 c5 3. Nf3 cxd4 4. Nxd4 e5 5. Nb3 b6 6. Nc3 Bb4 7. Bg5 h6 8. Bxf6 Qxf6 9. e4 Bb7 10. Bd3 Bxc3+ 11. bxc3 O-O 12. O-O Na6 13. Rb1 Rac8 14. Qe2 Nc5 15. Nxc5 Rxc5 16. Rb5 Rfc8 17. Rfb1 R5c7 18. Rd1 Rc5 19. Rdb1 Ba6 20. R5b4 Qe6 21. Ra4 Bxc4 22. Rxa7 Bxd3 23. Qxd3 Rxc3 24. Qd1 Qc4 25. f3 Qc5+ 26. Kf1 Qe3 27. Rb3 Rxb3 28. axb3 Rc1 29. Rxd7 Rxd1+ 30. Rxd1 Qxb3 0-1

[Event "Two Weekends Before Christmas"]
[Site "Edmonton CAN"]
[Date "2001.12.15"]
[Round "1"]
[White "Gardner, Robert"]
[Black "Pua, Richard"]
[Result "1-0"]
[WhiteElo "2266"]
[BlackElo "1691"]
[PlyCount "117"]
[GameId "2160767911484786"]
[EventDate "2001.12.15"]
[EventType "swiss"]
[EventRounds "5"]
[EventCountry "CAN"]
[SourceTitle "EXT 2017"]
[Source "ChessBase"]
[SourceDate "2016.10.25"]
[SourceVersion "1"]
[SourceVersionDate "2016.10.25"]
[SourceQuality "1"]

1. d4 d5 2. c4 e6 3. Nc3 Nf6 4. e3 c5 5. Nf3 Nc6 6. cxd5 exd5 7. Be2 Bd6 8. O-O O-O 9. Nb5 a6 10. Nxd6 Qxd6 11. dxc5 Qxc5 12. b3 Ne4 13. Bb2 Rd8 14. Rc1 Qb6 15. Nd4 Nxd4 16. Bxd4 Qg6 17. Bf3 Be6 18. Rc7 b5 19. Bh5 Qg5 20. f4 Qh6 21. f5 Bd7 22. Rf4 Qd6 23. Rc1 Rac8 24. Rxc8 Rxc8 25. Bxg7 Kxg7 26. Rxe4 Bxf5 27. Qd4+ Kg8 28. Re5 Rc1+ 29. Kf2 Rc2+ 30. Be2 Be6 31. Rg5+ Kf8 32. Qh8+ Ke7 33. Qxh7 Rxa2 34. Qh4 Kd7 35. Rg8 Qe7 36. Qd4 Kc6 37. b4 Kb7 38. h4 Ra4 39. Bf3 Rxb4 40. Bxd5+ Bxd5 41. Qxd5+ Kb6 42. g3 Qf6+ 43. Kg2 Rb2+ 44. Kh3 Rf2 45. Rg5 Rf3 46. Qc5+ Ka5 47. Rg4 Qe6 48. Qc7+ Qb6 49. Qc3+ b4 50. Qa1+ Kb5 51. Qb2 Qe6 52. Qe2+ Kc5 53. Qxf3 b3 54. Qf4 f5 55. Rg5 b2 56. Qd4+ Kc6 57. Qxb2 f4+ 58. Kh2 fxg3+ 59. Rxg3 1-0

[Event "Two Weekends Before Christmas"]
[Site "Edmonton CAN"]
[Date "2001.12.15"]
[Round "1"]
[White "Gomboc, Dave"]
[Black "Johnson, Dean"]
[Result "1/2-1/2"]
[WhiteElo "1935"]
[BlackElo "1578"]
[PlyCount "67"]
[GameId "2160767911484787"]
[EventDate "2001.12.15"]
[EventType "swiss"]
[EventRounds "5"]
[EventCountry "CAN"]
[SourceTitle "EXT 2017"]
[Source "ChessBase"]
[SourceDate "2016.10.25"]
[SourceVersion "1"]
[SourceVersionDate "2016.10.25"]
[SourceQuality "1"]

1. e4 e6 2. d4 d5 3. Nd2 c5 4. exd5 exd5 5. Bb5+ Nd7 6. Ngf3 a6 7. Bd3 c4 8. Bf5 Be7 9. O-O Ngf6 10. c3 O-O 11. Re1 Re8 12. Nf1 h6 13. Bf4 Nf8 14. Bc2 Bg4 15. h3 Bh5 16. Ng3 Bg6 17. Nf5 Bxf5 18. Bxf5 Bd6 19. Qd2 Ne4 20. Bxe4 dxe4 21. Bxd6 Qxd6 22. Ne5 Rxe5 23. Qe2 Re7 24. Qxc4 b5 25. Qb3 Nd7 26. a4 Rb8 27. axb5 Rxb5 28. Qc2 f5 29. b4 Rb6 30. Ra5 Qf6 31. Qd2 Rd6 32. Rea1 Ree6 33. Qf4 g6 34. h4 1/2-1/2

[Event "Two Weekends Before Christmas"]
[Site "Edmonton CAN"]
[Date "2001.12.15"]
[Round "1"]
[White "Kazakevich, Alexander"]
[Black "Hughey, Micah"]
[Result "0-1"]
[WhiteElo "1689"]
[BlackElo "2140"]
[PlyCount "24"]
[GameId "2160767911484788"]
[EventDate "2001.12.15"]
[EventType "swiss"]
[EventRounds "5"]
[EventCountry "CAN"]
[SourceTitle "EXT 2017"]
[Source "ChessBase"]
[SourceDate "2016.10.25"]
[SourceVersion "1"]
[SourceVersionDate "2016.10.25"]
[SourceQuality "1"]

1. d4 d5 2. c4 e6 3. Nc3 c5 4. cxd5 exd5 5. e4 dxe4 6. Nxe4 Qxd4 7. Bb5+ Nc6 8. Qe2 Be7 9. Nf3 Qd5 10. Bf4 Be6 11. b3 Nf6 12. Rd1 Qxe4 0-1

[Event "Two Weekends Before Christmas"]
[Site "Edmonton CAN"]
[Date "2001.12.15"]
[Round "1"]
[White "Marks, Terry"]
[Black "Newton, Geoff"]
[Result "0-1"]
[WhiteElo "1594"]
[BlackElo "1981"]
[PlyCount "42"]
[GameId "2160767911484789"]
[EventDate "2001.12.15"]
[EventType "swiss"]
[EventRounds "5"]
[EventCountry "CAN"]
[SourceTitle "EXT 2017"]
[Source "ChessBase"]
[SourceDate "2016.10.25"]
[SourceVersion "1"]
[SourceVersionDate "2016.10.25"]
[SourceQuality "1"]

1. d4 Nf6 2. c4 c5 3. Nf3 cxd4 4. Nxd4 e5 5. Nb3 d5 6. cxd5 Bf5 7. Bg5 Bb4+ 8. Nc3 Nbd7 9. e3 O-O 10. Be2 Nb6 11. Bxf6 Qxf6 12. O-O Rfd8 13. f3 Bxc3 14. e4 Bxb2 15. Rb1 Ba3 16. exf5 Nxd5 17. Qd2 Nf4 18. Qc2 Rac8 19. Qe4 Nxe2+ 20. Qxe2 Qxf5 21. Nd2 Rc2 0-1

[Event "Two Weekends Before Christmas"]
[Site "Edmonton CAN"]
[Date "2001.12.15"]
[Round "1"]
[White "Williams, Philip"]
[Black "Milward, David"]
[Result "0-1"]
[WhiteElo "1079"]
[BlackElo "1760"]
[PlyCount "54"]
[GameId "2160767911484790"]
[EventDate "2001.12.15"]
[EventType "swiss"]
[EventRounds "5"]
[EventCountry "CAN"]

1. d4 Nf6 2. c4 g6 3. Nc3 Bg7 4. Nf3 O-O 5. e4 d6 6. Be2 e5 7. Be3 Nc6 8. O-O Bg4 9. h3 Bxf3 10. Bxf3 exd4 11. Bxd4 Nxd4 12. Qxd4 Re8 13. Qd2 Qd7 14. Rfe1 Re7 15. Rad1 Rae8 16. g4 h6 17. Bg2 a6 18. f4 Qc6 19. e5 Qc5+ 20. Kh1 dxe5 21. Nd5 Nxd5 22. Qxd5 Qxd5 23. Rxd5 c6 24. Rd2 exf4 25. Rxe7 Rxe7 26. Rd8+ Kh7 27. Rd4 Bxd4 0-1

[Event "Two Weekends Before Christmas"]
[Site "Edmonton CAN"]
[Date "2001.12.15"]
[Round "1"]
[White "Yearwood, Roy"]
[Black "Kazakevich, Anastasia"]
[Result "1-0"]
[WhiteElo "2088"]
[BlackElo "1668"]
[PlyCount "69"]
[GameId "2160767911484791"]
[EventDate "2001.12.15"]
[EventType "swiss"]
[EventRounds "5"]
[EventCountry "CAN"]
[SourceTitle "EXT 2017"]
[Source "ChessBase"]
[SourceDate "2016.10.25"]
[SourceVersion "1"]
[SourceVersionDate "2016.10.25"]
[SourceQuality "1"]

1. e4 d5 2. exd5 Qxd5 3. d4 Nf6 4. Nf3 Bg4 5. Be2 e6 6. c4 Qd8 7. h3 Bxf3 8. Bxf3 c6 9. O-O Be7 10. Nc3 O-O 11. Rb1 Qc7 12. b4 a6 13. Qe2 Rd8 14. Be3 Nbd7 15. a4 Rac8 16. c5 Nf8 17. b5 axb5 18. axb5 Ng6 19. bxc6 bxc6 20. Qa6 Rd7 21. Rb6 Nd5 22. Nxd5 cxd5 23. Rfb1 Qd8 24. Bg4 Nf8 25. Bf4 Ra8 26. Qb5 Rda7 27. Rb8 Rxb8 28. Qxb8 Qxb8 29. Rxb8 Ra1+ 30. Kh2 Ra4 31. c6 Rc4 32. c7 g5 33. Be5 f6 34. Bxe6+ Kg7 35. Bxd5 1-0

[Event "Two Weekends Before Christmas"]
[Site "Edmonton CAN"]
[Date "2001.12.15"]
[Round "2"]
[White "Bertrand, Daryl"]
[Black "Gardner, Robert"]
[Result "0-1"]
[WhiteElo "1885"]
[BlackElo "2266"]
[PlyCount "94"]
[GameId "2160767911484792"]
[EventDate "2001.12.15"]
[EventType "swiss"]
[EventRounds "5"]
[EventCountry "CAN"]
[SourceTitle "EXT 2017"]
[Source "ChessBase"]
[SourceDate "2016.10.25"]
[SourceVersion "1"]
[SourceVersionDate "2016.10.25"]
[SourceQuality "1"]

1. e4 d5 2. exd5 Nf6 3. Nc3 Nxd5 4. Ne4 Nc6 5. Bc4 Bf5 6. Ng3 Bg6 7. Nf3 e6 8. d4 Be7 9. O-O h5 10. Ne2 h4 11. h3 Bh5 12. Bb5 Bxf3 13. gxf3 Qd7 14. c4 Nb6 15. Be3 a6 16. Bxc6 Qxc6 17. c5 Nd5 18. Nc3 O-O-O 19. Qe2 Rh5 20. Rfc1 Rf5 21. Ne4 Nf4 22. Bxf4 Rxf4 23. Qe3 g5 24. Kg2 f5 25. Nd6+ Kb8 26. Nf7 Rdxd4 27. Ne5 Qd5 28. Ng6 Bxc5 29. Nxf4 gxf4 30. Qc3 Bb6 31. Qb3 Qxb3 32. axb3 Rd2 33. Rf1 e5 34. Rad1 Rxb2 35. Rd8+ Ka7 36. Rh8 Rxb3 37. Rxh4 Bd4 38. Rd1 Rb2 39. Rxd4 exd4 40. Rxf4 c5 41. Rxf5 c4 42. h4 c3 43. h5 c2 44. Rc5 d3 45. h6 Rb6 46. Kf1 Rxh6 47. Ke1 Rh1+ 0-1

[Event "Two Weekends Before Christmas"]
[Site "Edmonton CAN"]
[Date "2001.12.15"]
[Round "2"]
[White "Huber, Gregory"]
[Black "Newton, Geoff"]
[Result "1-0"]
[WhiteElo "2336"]
[BlackElo "1981"]
[PlyCount "93"]
[GameId "2160767911484793"]
[EventDate "2001.12.15"]
[EventType "swiss"]
[EventRounds "5"]
[EventCountry "CAN"]
[SourceTitle "EXT 2017"]
[Source "ChessBase"]
[SourceDate "2016.10.25"]
[SourceVersion "1"]
[SourceVersionDate "2016.10.25"]
[SourceQuality "1"]

1. e4 e6 2. d4 d5 3. e5 c5 4. c3 Qb6 5. Nf3 Bd7 6. Be2 cxd4 7. cxd4 Bb5 8. Nc3 Bxe2 9. Nxe2 Bb4+ 10. Kf1 h5 11. h3 Nc6 12. g3 Kd7 13. Kg2 Nh6 14. a3 Be7 15. Qa4 Qa6 16. Qxa6 bxa6 17. b4 Rab8 18. Rb1 Nf5 19. Rd1 Rhc8 20. Bg5 Bf8 21. g4 hxg4 22. hxg4 Nfe7 23. Nf4 Rb5 24. Nd3 Ng8 25. Rh1 Nh6 26. Kg3 Rcb8 27. Bd2 Na5 28. Nc5+ Bxc5 29. dxc5 Nc4 30. Bc1 R5b7 31. Ra1 a5 32. Nd4 Nxe5 33. Bf4 Nc6 34. Nxc6 Kxc6 35. Bxb8 Rxb8 36. Rab1 d4 37. f4 f6 38. Rhe1 Kd5 39. c6 e5 40. fxe5 fxe5 41. Rbc1 d3 42. Rc5+ Kd4 43. Rexe5 d2 44. Red5+ Ke3 45. c7 Rc8 46. Rc3+ Ke2 47. Rc2 1-0

[Event "Two Weekends Before Christmas"]
[Site "Edmonton CAN"]
[Date "2001.12.15"]
[Round "2"]
[White "Hughey, Micah"]
[Black "Brodmann, David"]
[Result "1-0"]
[WhiteElo "2140"]
[BlackElo "1735"]
[PlyCount "37"]
[GameId "2160767911484794"]
[EventDate "2001.12.15"]
[EventType "swiss"]
[EventRounds "5"]
[EventCountry "CAN"]

1. e4 c5 2. Nf3 Nc6 3. d4 cxd4 4. c3 dxc3 5. Nxc3 d6 6. Bc4 Bg4 7. Bxf7+ Kd7 8. Bxg8 Bxf3 9. gxf3 Rxg8 10. Qb3 Rh8 11. Qxb7+ Qc7 12. Qxa8 e6 13. Bg5 h6 14. Bd2 g5 15. Rc1 Ne5 16. Nb5 Nxf3+ 17. Ke2 Nd4+ 18. Nxd4 Qb6 19. Qc8+ 1-0

[Event "Two Weekends Before Christmas"]
[Site "Edmonton CAN"]
[Date "2001.12.15"]
[Round "2"]
[White "Johnson, Dean"]
[Black "Day, Jonathan"]
[Result "0-1"]
[WhiteElo "1578"]
[BlackElo "1806"]
[PlyCount "124"]
[GameId "2160767911484795"]
[EventDate "2001.12.15"]
[EventType "swiss"]
[EventRounds "5"]
[EventCountry "CAN"]
[SourceTitle "EXT 2017"]
[Source "ChessBase"]
[SourceDate "2016.10.25"]
[SourceVersion "1"]
[SourceVersionDate "2016.10.25"]
[SourceQuality "1"]

1. d4 Nf6 2. c4 g6 3. Nc3 d6 4. Nf3 Bg7 5. e4 Nbd7 6. Bd3 c6 7. O-O Qc7 8. Re1 O-O 9. Qc2 e5 10. d5 c5 11. Rb1 a6 12. a3 h6 13. h3 g5 14. Nh2 Re8 15. Be3 Nf8 16. g4 Ng6 17. b4 b6 18. f3 Nd7 19. Ne2 Nf4 20. Nxf4 exf4 21. Bf2 Ne5 22. Qb3 Rb8 23. Be2 Bd7 24. Rec1 Bf6 25. Qa2 Kg7 26. a4 a5 27. b5 Rh8 28. Kg2 Rh7 29. Rh1 Rbh8 30. Rbg1 Qd8 31. Nf1 h5 32. Nh2 Rh6 33. Qb3 R8h7 34. Be1 Qh8 35. gxh5 Rxh5 36. Ng4 Nxg4 37. fxg4 R5h6 38. Qf3 Bd4 39. Bc3 Kg6 40. Bxd4 Qxd4 41. Qd3 Qe5 42. Qf3 Rh4 43. Bd3 Rh8 44. Bc2 Kg7 45. Bd3 Qb2+ 46. Qe2 Qe5 47. Qf3 f6 48. Be2 Be8 49. Rc1 Bg6 50. Bd3 Re8 51. Rhe1 Rhh8 52. Re2 Qd4 53. Bb1 Rh7 54. Qc3 Qxc3 55. Rxc3 f5 56. gxf5 Bxf5 57. Re1 Kf6 58. Rcc1 Bxh3+ 59. Kf3 Ke5 60. Rh1 g4+ 61. Ke2 Rf8 62. Rcg1 g3 0-1

[Event "Two Weekends Before Christmas"]
[Site "Edmonton CAN"]
[Date "2001.12.15"]
[Round "2"]
[White "Milward, David"]
[Black "Yearwood, Roy"]
[Result "0-1"]
[WhiteElo "1760"]
[BlackElo "2088"]
[PlyCount "108"]
[GameId "2160767911484796"]
[EventDate "2001.12.15"]
[EventType "swiss"]
[EventRounds "5"]
[EventCountry "CAN"]

1. e4 c5 2. Nf3 d6 3. d4 Nf6 4. Nc3 cxd4 5. Nxd4 g6 6. Be3 Bg7 7. f3 Nc6 8. Qd2 O-O 9. O-O-O d5 10. Kb1 Nxd4 11. e5 Nf5 12. exf6 Bxf6 13. Nxd5 Qxd5 14. Qxd5 Nxe3 15. Qd3 Nxd1 16. Qxd1 Bf5 17. Bc4 Rfd8 18. Qe2 Rac8 19. Bb3 Rc6 20. g4 Be6 21. h4 Rcd6 22. Bxe6 Rxe6 23. Qh2 Rb6 24. b3 Rbd6 25. Qe2 Rd2 26. Qe1 e6 27. Kc1 Rg2 28. g5 Bg7 29. Rg1 Rh2 30. Rh1 Bc3 31. Qxc3 Rxh1+ 32. Kb2 Rh2 33. Qe5 Rhd2 34. Kc3 R2d5 35. Qe3 a5 36. a3 b5 37. Qf2 b4+ 38. axb4 Rc8+ 39. Kb2 axb4 40. Kc1 Rdc5 41. Qd2 Rc3 42. Kd1 e5 43. Qd6 R3c5 44. Qb6 Rd5+ 45. Kc1 Rd4 46. Qa5 Re8 47. c4 bxc3 48. Qxc3 Rxh4 49. b4 Rb8 50. Qxe5 Rhxb4 51. f4 R4b5 52. Qd6 R5b6 53. Qe5 Rd8 54. f5 Rc6+ 0-1